000 00504nam a22001937a 4500
003 MPLRDC
005 20220104191055.0
008 210129b ||||| |||| 00| 0 eng d
020 _a978-986-241-023-3
082 _a783.32 XJM
100 _a萧锦绵 主编
245 _a勇敢,走自己的路
_c
250 _a一版四刷
260 _a台湾
_b天下杂志股份有限公司
_c2011
300 _b
490 _aCHEERS系列: 45
650 _a台湾人物传记
942 _cBK
_o783.32 XJM
999 _c64082
_d64072